Report on the European Economy 2004 (Record no. 6072)
[ view plain ]
| 000 -LEADER | |
|---|---|
| fixed length control field | 00468nam a22001937i 4500 |
| 001 - CONTROL NUMBER | |
| control field | 6508 |
| 003 - CONTROL NUMBER IDENTIFIER | |
| control field | OSt |
| 005 - DATE AND TIME OF LATEST TRANSACTION | |
| control field | 20181024174815.0 |
| 007 - PHYSICAL DESCRIPTION FIXED FIELD--GENERAL INFORMATION | |
| fixed length control field | tu |
| 008 - FIXED-LENGTH DATA ELEMENTS--GENERAL INFORMATION | |
| fixed length control field | 161220s2004 xxu||||| |||| 00| 0 eng d |
| 024 7# - OTHER STANDARD IDENTIFIER | |
| Standard number or code | 6508 |
| Source of number or code | RID |
| 024 7# - OTHER STANDARD IDENTIFIER | |
| Standard number or code | 6508 |
| Source of number or code | RSN (alt) |
| 040 ## - CATALOGING SOURCE | |
| Transcribing agency | OSt |
| 110 2# - MAIN ENTRY--CORPORATE NAME | |
| Corporate name or jurisdiction name as entry element | Ifo Institute for Economic Research |
| 245 00 - TITLE STATEMENT | |
| Title | Report on the European Economy 2004 |
| 260 ## - PUBLICATION, DISTRIBUTION, ETC. | |
| Place of publication, distribution, etc. | München : |
| Name of publisher, distributor, etc. | Ifo, |
| Date of publication, distribution, etc. | 2004. |
| 490 ## - SERIES STATEMENT | |
| Series statement | EEAG Report |
| Volume/sequential designation | 2004 |
| International Standard Serial Number | 1611-311X |
| 942 ## - ADDED ENTRY ELEMENTS (KOHA) | |
| Koha item type | Paper |
| Withdrawn status | Lost status | Damaged status | Not for loan | Home library | Current library | Shelving location | Date acquired | Inventory number | Total Checkouts | Barcode | Date last seen | Price effective from | Koha item type |
|---|---|---|---|---|---|---|---|---|---|---|---|---|---|
| WIIW | WIIW | Library | 08/04/2004 | 6508 | 10002009 | 01/26/2017 | 01/26/2017 | Paper |
